LEADER 01785nam0 22003733i 450 001 SBL0467468 005 20251003044355.0 020 $aIT$b743998 100 $a20220721d1974 ||||0itac50 ba 101 | $aita$cita 102 $ait 181 1$6z01$ai $bxxxe 182 1$6z01$an 183 1$6z01$anc$2RDAcarrier 200 1 $aIndividuo e Stato nella organizzazione dell'istruzione$fAnnarosa Pizzi 210 $aMilano$cA. Giuffrè$d1974 215 $aVI, 122 p.$d25 cm. 225 | $aPubblicazioni della Facoltà di giurisprudenza della Università di Pisa$v51$i. Istituto di diritto pubblico$v9 410 0$1001CFI0078331$12001 $aPubblicazioni della Facoltà di giurisprudenza della Università di Pisa$i. Istituto di diritto pubblico$v9$171201$aUniversità di Pisa$b : Facolta di giurisprudenza$b : Istituto di diritto pubblico$3SBLV214638 500 10$aIndividuo e stato nella organizzazione dell'istruzione$fAnnarosa Pizzi.$3UBO4744658$9MILV052032$9806206 606 $aIstruzione$xItalia$2FIR$3CFIC096096$9E 676 $a342.45085$9DIRITTI E ATTIVITA PERSONALI. ITALIA$v22 676 $a344.4507$9DIRITTO IN MATERIA DI EDUCAZIONE, SCUOLA, STUDENTI. ITALIA$v23 676 $a371$9ISTRUZIONE. ASPETTI GENERALI$v12 676 $a371$9Istruzione. Aspetti generali$v22 700 1$aPizzi$b, Annarosa$3MILV052032$4070$0497152 801 3$aIT$bIT-000000$c20220721 850 $aIT-BN0095 901 $bNAP 01$cD $n$ 912 $aSBL0467468 950 0$aBiblioteca Centralizzata di Ateneo$d 01D (AR) 15 427$e 01AR 0700154275 VMA A4 1 v.$fY $h19950309$i20181008 977 $a 01 996 $aIndividuo e Stato nella organizzazione dell'istruzione$9806206 997 $aUNISANNIO